Developers must bend to tenants' demands (Record no. 71603)

MARC details
000 -LEADER
fixed length control field 01170cam a2200229 4500
001 - CONTROL NUMBER
control field ABS66160
008 - FIXED-LENGTH DATA ELEMENTS--GENERAL INFORMATION
fixed length control field 021120n2002 000 0 eng u
035 ## - SYSTEM CONTROL NUMBER
System control number (Sirsi) u120521
100 ## - MAIN ENTRY--PERSONAL NAME
Personal name Gummer, J
245 ## - TITLE STATEMENT
Title Developers must bend to tenants' demands
260 ## - PUBLICATION, DISTRIBUTION, ETC.
Date of publication, distribution, etc. 2002
490 ## - SERIES STATEMENT
Series statement Estates Gazette
Volume/sequential designation (0245) 9 November 2002, 57(1)
520 ## - SUMMARY, ETC.
Summary, etc. Examines the weakening rental market in London and the need for developers to act more flexibly. Comments that many names in the industry have found themselves with overcapacity where space formerly earmarked for growth is now a drain on resources. Argues that new areas of interest available to management services will be a growing area of interest such as attention to the margins and energy efficiency. Predicts further difficult times ahead for the market with certain social costs in the UK rising and exclusion from the Eurozone affecting inward investment.
590 ## - LOCAL NOTE (RLIN)
Local note ABS
650 ## - SUBJECT ADDED ENTRY--TOPICAL TERM
Topical term or geographic name entry element RENTAL MARKET
650 ## - SUBJECT ADDED ENTRY--TOPICAL TERM
Topical term or geographic name entry element BUILDING MANAGEMENT
650 ## - SUBJECT ADDED ENTRY--TOPICAL TERM
Topical term or geographic name entry element OFFICE SPACE
650 ## - SUBJECT ADDED ENTRY--TOPICAL TERM
Topical term or geographic name entry element ENERGY EFFICIENCY IN BUILDINGS
650 ## - SUBJECT ADDED ENTRY--TOPICAL TERM
Topical term or geographic name entry element COVENANTS
690 ## - LOCAL SUBJECT ADDED ENTRY--TOPICAL TERM (OCLC, RLIN)
Topical term or geographic name as entry element LANDLORD AND TENANT-BUSINESS TENANCIES
942 ## - ADDED ENTRY ELEMENTS (KOHA)
Suppress in OPAC 0
Holdings
Withdrawn status Lost status Source of classification or shelving scheme Damaged status Not for loan Home library Current library Shelving location Date acquired Total Checkouts Full call number Barcode Date last seen Copy number Price effective from Koha item type
    Dewey Decimal Classification     London London Journals 20/11/2002   ABS66160 120521-1001 06/08/2019 1 06/08/2019 Journal article